Practical Pharmacognosy: technique and experiments (Record no. 6068)
[ view plain ]
| 000 -LEADER | |
|---|---|
| fixed length control field | 00598nam a22002177a 4500 |
| 003 - CONTROL NUMBER IDENTIFIER | |
| control field | OSt |
| 005 - DATE AND TIME OF LATEST TRANSACTION | |
| control field | 20180321142518.0 |
| 008 - FIXED-LENGTH DATA ELEMENTS--GENERAL INFORMATION | |
| fixed length control field | 180321b xxu||||| |||| 00| 0 eng d |
| 020 ## - INTERNATIONAL STANDARD BOOK NUMBER | |
| International Standard Book Number | 9789351645306 |
| 020 ## - INTERNATIONAL STANDARD BOOK NUMBER | |
| International Standard Book Number | 8185790302 |
| 040 ## - CATALOGING SOURCE | |
| Transcribing agency | DNLM |
| 082 ## - DEWEY DECIMAL CLASSIFICATION NUMBER | |
| Classification number | QV752 K527p 2017 |
| 100 ## - MAIN ENTRY--PERSONAL NAME | |
| Personal name | Khandelwal, K.R.; Sethi, Vrunda K. |
| 9 (RLIN) | 12560 |
| 245 ## - TITLE STATEMENT | |
| Title | Practical Pharmacognosy: technique and experiments |
| 250 ## - EDITION STATEMENT | |
| Edition statement | 28th ed. |
| 260 ## - PUBLICATION, DISTRIBUTION, ETC. (IMPRINT) | |
| Place of publication, distribution, etc. | Shivaji Nagar; Niral Prakashan, 2017 |
| 300 ## - PHYSICAL DESCRIPTION | |
| Extent | [230]p; ill: 24cm |
| 504 ## - BIBLIOGRAPHY, ETC. NOTE | |
| Bibliography, etc | Appendices included |
| 650 ## - SUBJECT ADDED ENTRY--TOPICAL TERM | |
| Topical term or geographic name as entry element | Pharmacognosy |
| 9 (RLIN) | 12561 |
| 942 ## - ADDED ENTRY ELEMENTS (KOHA) | |
| Source of classification or shelving scheme | Other/Generic Classification Scheme |
| Koha item type | Book Bank |
| Withdrawn status | Lost status | Source of classification or shelving scheme | Damaged status | Not for loan | Home library | Current library | Date acquired | Source of acquisition | Inventory number | Total Checkouts | Full call number | Barcode | Date last seen | Koha item type |
|---|---|---|---|---|---|---|---|---|---|---|---|---|---|---|
| Other/Generic Classification Scheme | MUST Main Library | MUST Main Library | 21/03/2018 | 17/40411 | QV752 K527p 2017 | 2018-0201 | 21/03/2018 | Open Shelf |
